000 00536nam a22001697a 4500
003 1
005 20220721140220.0
008 220718b xxu||||| |||| 00| 0 eng d
022 _2978-621-04-3677-8
050 _aHD30.25
_b.R54 2022
100 _aRiguera, Maria Anita/
245 _aManagement Science/
_cMaria Anita A. Riguera
260 _aManila:
_bRex Book Store, Inc..
_cc2022
300 _axii; 215 pp.
_c23 cm.
_eIncludes bibliographic references; index and appendix.
_fbook
500 _aManagement- business.
942 _2lcc
_cBK
999 _c364738
_d364738